000 00279nam a22001337a 4500
008 170920b xxu||||| |||| 00| 0 eng d
020 _a0913504750
041 _aeng
080 _a7
100 _a45
101 _aART
245 _aNO MORE BUFFALO
_cSCRIVER,B
942 _2udc
_cBK
999 _c28503
_d28503